[Event "IHEM 2009"]
[Site "Hamburg"]
[Date "2009.05.30"]
[Round "1.1"]
[White "Parligras, Mircea"]
[Black "Putzbach, Gerd"]
[Result "1-0"]
[WhiteElo "2586"]
[BlackElo "2286"]
[PlyCount "41"]
[EventDate "2009.??.??"]
[EventRounds "9"]
[EventCountry "GER"]
[WhiteTeam "SG Trier"]
[BlackTeam "Niendorfer TSV 1919 SAbt"]

1. e4 c5 2. Nf3 d6 3. d4 cxd4 4. Nxd4 Nf6 5. Nc3 a6 6. Be3 b5 7. a4 b4 8. Nd5
Nxd5 9. exd5 Bb7 10. Bc4 Qc7 11. Bb3 Nd7 12. Nf5 g6 13. Bd4 f6 14. Ng3 Nc5 15.
Bxc5 Qxc5 16. Ne2 Bh6 17. Qd3 f5 18. f4 Bg7 19. O-O-O a5 20. Nd4 Qxd4 21. Qb5+
1-0

[Event "IHEM 2009"]
[Site "Hamburg"]
[Date "2009.05.30"]
[Round "1.2"]
[White "Lindinger, Markus"]
[Black "Ftacnik, Lubomir"]
[Result "0-1"]
[WhiteElo "2283"]
[BlackElo "2559"]
[PlyCount "56"]
[EventDate "2009.??.??"]
[EventRounds "9"]
[EventCountry "GER"]
[WhiteTeam "Hamburger SK von 1830 eV"]
[BlackTeam "Hamburger SK von 1830 eV"]

1. e4 c5 2. Nf3 d6 3. d4 cxd4 4. Nxd4 Nf6 5. Nc3 e6 6. Bc4 a6 7. Bb3 Nbd7 8.
Bg5 Qa5 9. Bd2 Qc7 10. Qe2 Nc5 11. g4 h6 12. f4 b5 13. g5 hxg5 14. fxg5 b4 15.
Nd5 Nxd5 16. exd5 Nxb3 17. axb3 Qc5 18. dxe6 Qxd4 19. exf7+ Kd7 20. O-O-O Bb7
21. Rhe1 Rc8 22. Qe8+ Kc7 23. Be3 Qh4 24. Qa4 Kb8 25. Qa5 Qxh2 26. Rd2 Qg3 27.
Bf2 Qf3 28. Qxb4 Rh1 0-1

[Event "IHEM 2009"]
[Site "Hamburg"]
[Date "2009.05.30"]
[Round "1.3"]
[White "Rogozenco, Dorian"]
[Black "Rosmann, Ilja"]
[Result "1-0"]
[WhiteElo "2546"]
[BlackElo "2282"]
[PlyCount "79"]
[EventDate "2009.??.??"]
[EventRounds "9"]
[EventCountry "GER"]
[WhiteTeam "ESV Nickelhütte Aue"]
[BlackTeam "Königsspringer SC.1984 e.V."]

1. d4 Nf6 2. c4 c5 3. d5 e5 4. Nc3 d6 5. e4 Be7 6. h3 O-O 7. Nf3 Na6 8. Bd3 Nc7
9. a3 Bd7 10. b4 cxb4 11. axb4 a5 12. b5 b6 13. Be3 Nce8 14. Na4 Rb8 15. g4 g6
16. Nd2 Ng7 17. Nb3 Nfe8 18. Qd2 f5 19. f3 Bh4+ 20. Ke2 fxe4 21. fxe4 h5 22. g5
Bg3 23. Nxb6 Rxb6 24. Qxa5 Rb8 25. Qxd8 Rxd8 26. Ra7 h4 27. Na5 Rf7 28. b6 Bf4
29. Nc6 Bxc6 30. Rxf7 Bd7 31. Rxd7 Rxd7 32. Bxf4 exf4 33. Rb1 Rb7 34. Kf3 Kf7
35. Kxf4 Ke7 36. e5 Nh5+ 37. Kg4 dxe5 38. Bxg6 Nf4 39. Bxe8 Kxe8 40. Kf5 1-0

[Event "IHEM 2009"]
[Site "Hamburg"]
[Date "2009.05.30"]
[Round "1.5"]
[White "Lanka, Zigurds"]
[Black "Bente, Bjoern"]
[Result "1-0"]
[WhiteElo "2470"]
[BlackElo "2273"]
[PlyCount "63"]
[EventDate "2009.??.??"]
[EventRounds "9"]
[EventCountry "GER"]
[WhiteTeam "TSV Schott Mainz"]
[BlackTeam "Hamburger SK von 1830 eV"]

1. e4 c6 2. d4 d5 3. exd5 cxd5 4. c4 Nf6 5. Nc3 Nc6 6. Bg5 e6 7. Nf3 Be7 8. c5
O-O 9. Bb5 Ne4 10. Bxe7 Nxe7 11. Rc1 b6 12. c6 Qd6 13. O-O a6 14. Bd3 Nf6 15.
Ne5 Ra7 16. Qb3 Qb8 17. Bb1 b5 18. a4 b4 19. a5 Rc7 20. Na4 Ne4 21. Nb6 Rd8 22.
Rfe1 Nd6 23. Qxb4 f6 24. Ned7 Bxd7 25. Qxd6 Bxc6 26. Qxe6+ Kh8 27. Rc3 Qb7 28.
Rh3 f5 29. Bxf5 Nxf5 30. Qxf5 h6 31. Rxh6+ gxh6 32. Qf6+ 1-0

[Event "IHEM 2009"]
[Site "Hamburg"]
[Date "2009.05.30"]
[Round "1.8"]
[White "Jacoby, Gisbert"]
[Black "Siebrecht, Sebastian"]
[Result "1/2-1/2"]
[WhiteElo "2196"]
[BlackElo "2433"]
[PlyCount "39"]
[EventDate "2009.??.??"]
[EventRounds "9"]
[EventCountry "GER"]
[WhiteTeam "Königsspringer SC.1984 e.V."]
[BlackTeam "Sportfreunde Katernberg 1913 e.V"]

1. d4 Nf6 2. Nf3 e6 3. e3 b6 4. Bd3 Bb7 5. O-O c5 6. c4 Be7 7. Nc3 cxd4 8. exd4
d5 9. cxd5 Nxd5 10. Ne5 O-O 11. Qf3 Nd7 12. Qh3 N7f6 13. Bg5 g6 14. Bh6 Nh5 15.
Nxd5 Bxd5 16. Bxf8 Bxf8 17. Qe3 Nf6 18. a3 Bg7 19. Rac1 Qd6 20. Rfd1 1/2-1/2

[Event "IHEM 2009"]
[Site "Hamburg"]
[Date "2009.05.30"]
[Round "1.9"]
[White "Bosch, Jeroen"]
[Black "Hawranke, Dietrich"]
[Result "1-0"]
[WhiteElo "2429"]
[BlackElo "2176"]
[PlyCount "101"]
[EventDate "2009.??.??"]
[EventRounds "9"]
[EventCountry "GER"]
[BlackTeam "Pinneberger SC 1932 eV"]

1. d4 Nf6 2. Nc3 d5 3. Bg5 Bf5 4. Bxf6 exf6 5. e3 Bb4 6. Bd3 Qd7 7. Nge2 Nc6 8.
O-O Ne7 9. e4 dxe4 10. Nxe4 Bxe4 11. Bxe4 c6 12. c4 O-O 13. Qb3 Bd6 14. c5 Bc7
15. Rad1 f5 16. Bf3 Rad8 17. Nc3 Qe6 18. Qxb7 Rd7 19. Qa6 Qh6 20. g3 f4 21. d5
fxg3 22. hxg3 cxd5 23. Qxh6 gxh6 24. Nxd5 Nxd5 25. Rxd5 Rxd5 26. Bxd5 Rd8 27.
Bc4 Rd4 28. b3 h5 29. Re1 Kf8 30. Re3 f5 31. Re6 f4 32. Rc6 Be5 33. Rc8+ Ke7
34. Ra8 fxg3 35. Rxa7+ Rd7 36. Rxd7+ Kxd7 37. fxg3 Bd4+ 38. Kg2 Bxc5 39. Be2
Ba3 40. Bxh5 Ke6 41. Kf3 Ke5 42. Ke3 h6 43. Bf3 Bc5+ 44. Kd3 Bf2 45. g4 Kf4 46.
Bd1 Ke5 47. Kc4 Kd6 48. Kb5 Kc7 49. b4 Be1 50. a4 Bd2 51. a5 1-0

[Event "IHEM 2009"]
[Site "Hamburg"]
[Date "2009.05.30"]
[Round "1.10"]
[White "Maahs, Erich"]
[Black "Souleidis, Georgios"]
[Result "1/2-1/2"]
[WhiteElo "2168"]
[BlackElo "2427"]
[PlyCount "102"]
[EventDate "2009.??.??"]
[EventRounds "9"]
[EventCountry "GER"]

1. e4 c5 2. Nc3 e6 3. f4 d5 4. Nf3 dxe4 5. Nxe4 Be7 6. g3 Nf6 7. Qe2 O-O 8. Bg2
Nc6 9. c3 Qc7 10. O-O b6 11. Nf2 Bb7 12. d3 Rad8 13. Be3 Rfe8 14. Rad1 Bf8 15.
Qc2 e5 16. Bc1 Nd5 17. f5 Qd7 18. Ne4 f6 19. Nh4 Qf7 20. a3 Rd7 21. Bf3 Red8
22. Qe2 Nde7 23. g4 Ba6 24. Nf2 c4 25. Be4 cxd3 26. Bxd3 Bxd3 27. Rxd3 Rxd3 28.
Nxd3 Qc4 29. Nf4 Qxe2 30. Nxe2 Na5 31. Ng3 Nb3 32. Be3 Nc6 33. Ne4 Nca5 34. Kf2
Nc4 35. Ke2 Nxb2 36. g5 Kf7 37. g6+ hxg6 38. fxg6+ Ke6 39. Nf5 Nc4 40. h4 Nxe3
41. Kxe3 Nc5 42. Nxc5+ Bxc5+ 43. Ke4 Bf8 44. h5 Rc8 45. Kd3 Rd8+ 46. Ke4 Rc8
47. Kd3 Rc7 48. a4 Rd7+ 49. Ke4 Rc7 50. Kd3 Rd7+ 51. Ke4 Rc7 1/2-1/2

[Event "IHEM 2009"]
[Site "Hamburg"]
[Date "2009.05.30"]
[Round "1.11"]
[White "Fries Nielsen, Jens Ove"]
[Black "Kull, Florian"]
[Result "1-0"]
[WhiteElo "2403"]
[BlackElo "2167"]
[PlyCount "71"]
[EventDate "2009.??.??"]
[EventRounds "9"]
[EventCountry "GER"]
[WhiteTeam "Preetzer TSV"]
[BlackTeam "SF Hamburg eV 1934"]

1. Nf3 d5 2. e3 Nf6 3. b4 c6 4. Bb2 Qb6 5. a3 a5 6. Bd4 Qd8 7. b5 g6 8. c4 Bg7
9. cxd5 cxd5 10. Be2 O-O 11. O-O Re8 12. Nc3 Bg4 13. Ne5 Bxe2 14. Qxe2 Nfd7 15.
f4 f6 16. Nxd7 Nxd7 17. Qf3 e5 18. Qxd5+ Kh8 19. fxe5 fxe5 20. Bc5 Nxc5 21.
Qxc5 Rc8 22. Qd5 Qxd5 23. Nxd5 e4 24. Rac1 Rcd8 25. Nb6 Rxd2 26. Rc7 Rf8 27.
Nc4 Rc2 28. b6 a4 29. Nd6 Rb2 30. Rxb7 Rxf1+ 31. Kxf1 Rb1+ 32. Ke2 Rb2+ 33. Kd1
Bc3 34. Nxe4 Be5 35. Re7 Bxh2 36. Nf6 1-0

[Event "IHEM 2009"]
[Site "Hamburg"]
[Date "2009.05.30"]
[Round "1.12"]
[White "Kopisch, Martin"]
[Black "Wohl, Aleksandar H"]
[Result "0-1"]
[WhiteElo "2142"]
[BlackElo "2376"]
[PlyCount "62"]
[EventDate "2009.??.??"]
[EventRounds "9"]
[EventCountry "GER"]
[WhiteTeam "Bille SC von 1924 e.V."]
[BlackTeam "SK Weilheim"]

1. d4 g6 2. e4 Bg7 3. c3 d6 4. Be3 Nf6 5. f3 O-O 6. Bd3 e5 7. Nd2 exd4 8. cxd4
c5 9. d5 Re8 10. Qb3 Qa5 11. Kf2 Na6 12. Ne2 Nb4 13. Nc4 Qa6 14. a4 Nd7 15.
Rhd1 Nxd3+ 16. Qxd3 Ne5 17. Nxe5 Bxe5 18. Qxa6 bxa6 19. Rab1 f5 20. b4 cxb4 21.
Rxb4 fxe4 22. f4 Bg7 23. h3 Bd7 24. Rc1 Rac8 25. Rxc8 Rxc8 26. Bxa7 Rc2 27. Bb6
Rd2 28. Rxe4 Rxd5 29. a5 Rd2 30. Be3 Ra2 31. Rc4 Rxe2+ 0-1

[Event "IHEM 2009"]
[Site "Hamburg"]
[Date "2009.05.30"]
[Round "1.13"]
[White "Reddmann, Hauke"]
[Black "Dalakian, Haroutioun"]
[Result "1-0"]
[WhiteElo "2338"]
[BlackElo "2130"]
[PlyCount "67"]
[EventDate "2009.??.??"]
[EventRounds "9"]
[EventCountry "GER"]
[WhiteTeam "SK Wilhelmsburg 1936 eV"]
[BlackTeam "Hamburger SK von 1830 eV"]

1. d4 e6 2. c4 Nf6 3. g3 Bb4+ 4. Nd2 Nc6 5. Ngf3 d6 6. a3 Bxd2+ 7. Bxd2 a5 8.
b4 Ne4 9. Be3 O-O 10. b5 Nb8 11. Bg2 f5 12. O-O Nd7 13. Qc2 e5 14. dxe5 dxe5
15. Nd2 Nec5 16. Nb3 Qe7 17. Rfd1 Nxb3 18. Qxb3 a4 19. Qc3 f4 20. gxf4 exf4 21.
Bd4 Nf6 22. Qf3 Ng4 23. h3 Nh6 24. Bc3 Qf7 25. Rd4 g5 26. Rad1 Nf5 27. Rd8 Be6
28. Rxa8 Rxa8 29. Qxb7 Re8 30. Qc6 Nh4 31. Be4 Bxh3 32. Qh6 Be6 33. Rd5 Bf5 34.
Bxf5 1-0

[Event "IHEM 2009"]
[Site "Hamburg"]
[Date "2009.05.30"]
[Round "1.14"]
[White "Sechting, Martin"]
[Black "Carlstedt, Jonathan"]
[Result "0-1"]
[WhiteElo "2121"]
[BlackElo "2322"]
[PlyCount "72"]
[EventDate "2009.??.??"]
[EventRounds "9"]
[EventCountry "GER"]
[WhiteTeam "Hamburger SK von 1830 eV"]
[BlackTeam "Hamburger SK von 1830 eV"]

1. d4 Nf6 2. c4 c5 3. d5 e6 4. Nc3 exd5 5. cxd5 d6 6. Nf3 g6 7. Nd2 Nbd7 8. Nc4
Nb6 9. e4 Bg7 10. Bf4 Nxc4 11. Bxc4 O-O 12. h3 Re8 13. Qd3 Nxe4 14. Nxe4 f5 15.
f3 fxe4 16. fxe4 Bd4 17. O-O-O Qf6 18. Rhf1 Bxb2+ 19. Kc2 Rxe4 20. Bxd6 Bf5 21.
Rxf5 gxf5 22. Bxc5 b5 23. Bxb5 Rc8 24. Bc6 Qe5 25. Kb1 Rb8 26. Bb5 a6 27. d6
Qxc5 28. d7 Bf6 29. Qb3+ Kf8 30. Rc1 Re1 31. Rxe1 Rxb5 32. Re8+ Kg7 33. Rg8+
Kh6 34. d8=Q Rxb3+ 35. axb3 Bxd8 36. Rxd8 Qg1+ 0-1

[Event "IHEM 2009"]
[Site "Hamburg"]
[Date "2009.05.30"]
[Round "1.16"]
[White "Weiss, Siegfried"]
[Black "Hebbinghaus, Holger"]
[Result "1/2-1/2"]
[WhiteElo "2038"]
[BlackElo "2298"]
[PlyCount "65"]
[EventDate "2009.??.??"]
[EventRounds "9"]
[EventCountry "GER"]
[WhiteTeam "Königsspringer SC.1984 e.V."]
[BlackTeam "SK Marmstorf GW Harburg"]

1. e3 g6 2. d4 Bg7 3. Nf3 c5 4. c3 cxd4 5. exd4 d5 6. Bd3 Nc6 7. O-O Nf6 8. Re1
O-O 9. h3 Bf5 10. Bxf5 gxf5 11. Ne5 e6 12. Bg5 Qc7 13. Nd3 Kh8 14. Bf4 Qe7 15.
Nd2 Rg8 16. Nf1 Qf8 17. Ne5 Nxe5 18. dxe5 Ne4 19. f3 Nc5 20. Qd2 Qe7 21. Re2
Nd7 22. Rae1 Bf8 23. Kh1 Qh4 24. g3 Qh5 25. Kg2 Be7 26. g4 Qg6 27. Kh1 Nb6 28.
Ng3 Bg5 29. Bxg5 Qxg5 30. Qxg5 Rxg5 31. Nh5 fxg4 32. hxg4 Nd7 33. Kg2 1/2-1/2

[Event "IHEM 2009"]
[Site "Hamburg"]
[Date "2009.05.30"]
[Round "1.17"]
[White "Ritscher, Jan Paul"]
[Black "Schulz, Hans Juergen"]
[Result "1-0"]
[WhiteElo "2295"]
[BlackElo "2013"]
[PlyCount "57"]
[EventDate "2009.??.??"]
[EventRounds "9"]
[EventCountry "GER"]
[WhiteTeam "SF Hamburg eV 1934"]
[BlackTeam "Hamburger SK von 1830 eV"]

1. e4 e5 2. Nf3 Nc6 3. d4 exd4 4. c3 d5 5. exd5 Qxd5 6. cxd4 Bg4 7. Nc3 Bb4 8.
a3 Bxc3+ 9. bxc3 Nf6 10. Be2 O-O 11. O-O Ne4 12. Qc2 Rfe8 13. Be3 f5 14. c4 Qd8
15. d5 Na5 16. Rfe1 b6 17. Nd4 Bxe2 18. Rxe2 Qf6 19. Rd1 f4 20. Bc1 Nd6 21. Re6
Rxe6 22. Nxe6 Naxc4 23. Bxf4 Re8 24. Bxd6 Nxd6 25. Qxc7 Qe5 26. h3 h6 27. Qxa7
Nf5 28. Qxb6 Kh7 29. Qb1 1-0

[Event "IHEM 2009"]
[Site "Hamburg"]
[Date "2009.05.31"]
[Round "2.1"]
[White "Bosch, Jeroen"]
[Black "Parligras, Mircea"]
[Result "1/2-1/2"]
[WhiteElo "2429"]
[BlackElo "2586"]
[PlyCount "36"]
[EventDate "2009.??.??"]
[EventRounds "9"]
[EventCountry "GER"]
[BlackTeam "SG Trier"]

1. d4 Nf6 2. Nc3 d5 3. Bg5 c6 4. Bxf6 gxf6 5. e3 Qb6 6. Rb1 e5 7. Nf3 Bd6 8.
Be2 Be6 9. O-O Rg8 10. Nh4 Qc7 11. g3 Nd7 12. Bf3 O-O-O 13. Bg2 Nf8 14. b4 Ng6
15. Nxg6 fxg6 16. b5 e4 17. bxc6 bxc6 18. Qd2 Kd7 1/2-1/2

[Event "IHEM 2009"]
[Site "Hamburg"]
[Date "2009.05.31"]
[Round "2.2"]
[White "Ftacnik, Lubomir"]
[Black "Fries Nielsen, Jens Ove"]
[Result "0-1"]
[WhiteElo "2559"]
[BlackElo "2403"]
[PlyCount "88"]
[EventDate "2009.??.??"]
[EventRounds "9"]
[EventCountry "GER"]
[WhiteTeam "Hamburger SK von 1830 eV"]
[BlackTeam "Preetzer TSV"]

1. Nf3 g6 2. d4 Bg7 3. c4 d6 4. Nc3 e6 5. g3 Ne7 6. Bg2 Nd7 7. h4 h6 8. b3 a6
9. Bb2 Rb8 10. a4 b6 11. Qd2 Bb7 12. e4 Nf6 13. d5 O-O 14. O-O e5 15. Ne1 Nd7
16. Nd3 Nc5 17. Nxc5 bxc5 18. Ne2 Bc8 19. Qd3 c6 20. Rab1 cxd5 21. cxd5 Qb6 22.
Bc3 Bd7 23. Kh2 f5 24. f4 fxe4 25. Bxe4 Bg4 26. fxe5 dxe5 27. Ng1 Nf5 28. Bf3
Bxf3 29. Nxf3 e4 30. Qxe4 Bxc3 31. d6 Bg7 32. Qe6+ Kh7 33. h5 Qxd6 34. hxg6+
Kh8 35. Qxd6 Nxd6 36. Rbd1 Ne4 37. Rd3 Rb6 38. Re3 Rbf6 39. Rxe4 Rxf3 40. Rxf3
Rxf3 41. b4 cxb4 42. Rxb4 Rf6 43. Rb8+ Bf8 44. Ra8 Kg7 0-1

[Event "IHEM 2009"]
[Site "Hamburg"]
[Date "2009.05.31"]
[Round "2.4"]
[White "Rausis, Igor"]
[Black "Reddmann, Hauke"]
[Result "1/2-1/2"]
[WhiteElo "2492"]
[BlackElo "2338"]
[PlyCount "39"]
[EventDate "2009.??.??"]
[EventRounds "9"]
[EventCountry "GER"]
[WhiteTeam "SC Schwegenheim"]
[BlackTeam "SK Wilhelmsburg 1936 eV"]

1. d4 Nf6 2. c4 e6 3. g3 Bb4+ 4. Nd2 a5 5. Bg2 Nc6 6. Ngf3 O-O 7. O-O Re8 8. a3
Bxd2 9. Bxd2 a4 10. Qc2 d6 11. Rfd1 Qe7 12. Bb4 Bd7 13. Rac1 Ra7 14. Be1 Na5
15. Qd3 Bc6 16. Qe3 b6 17. d5 Bd7 18. dxe6 fxe6 19. Nd4 e5 20. Nf3 1/2-1/2

[Event "IHEM 2009"]
[Site "Hamburg"]
[Date "2009.05.31"]
[Round "2.5"]
[White "Carlstedt, Jonathan"]
[Black "Lanka, Zigurds"]
[Result "1/2-1/2"]
[WhiteElo "2322"]
[BlackElo "2470"]
[PlyCount "56"]
[EventDate "2009.??.??"]
[EventRounds "9"]
[EventCountry "GER"]
[WhiteTeam "Hamburger SK von 1830 eV"]
[BlackTeam "TSV Schott Mainz"]

1. c4 g6 2. g3 Bg7 3. Bg2 d6 4. Nc3 Nf6 5. e4 c5 6. Nge2 Nc6 7. O-O O-O 8. Rb1
Ne8 9. d3 a5 10. Be3 Nd4 11. Qd2 Bg4 12. f3 Bd7 13. f4 Rb8 14. b3 f5 15. a4 Nc7
16. Rfe1 Nce6 17. Bf2 Kh8 18. Nxd4 Nxd4 19. Ne2 e5 20. Nxd4 cxd4 21. b4 axb4
22. Rxb4 Bc6 23. Qb2 Qd7 24. a5 Ra8 25. Ra1 fxe4 26. Bxe4 Bxe4 27. dxe4 Ra7 28.
Rb6 Rf7 1/2-1/2

[Event "IHEM 2009"]
[Site "Hamburg"]
[Date "2009.05.31"]
[Round "2.7"]
[White "Ritscher, Jan Paul"]
[Black "Berg, Klaus"]
[Result "0-1"]
[WhiteElo "2295"]
[BlackElo "2440"]
[PlyCount "122"]
[EventDate "2009.??.??"]
[EventRounds "9"]
[EventCountry "GER"]

1. e4 e6 2. d4 d5 3. e5 c5 4. c3 Qb6 5. Nf3 Nc6 6. a3 Nh6 7. b4 cxd4 8. cxd4
Nf5 9. Be3 Bd7 10. Bd3 Nxe3 11. fxe3 Rc8 12. O-O Be7 13. Qb3 Na5 14. Qb2 O-O
15. Qe2 Nc4 16. Nc3 g6 17. Bxc4 Rxc4 18. Qb2 Rfc8 19. Rfc1 a5 20. Nd2 R4c7 21.
b5 a4 22. Nxa4 Rxc1+ 23. Rxc1 Rxc1+ 24. Qxc1 Qxb5 25. Nc3 Qd3 26. Ndb1 Bg5 27.
Kf2 Qxd4 28. exd4 Bxc1 29. Na2 Bg5 30. Nbc3 Kf8 31. Nb4 Ke8 32. Ke2 Kd8 33. Nd3
Kc7 34. Nc5 Bc6 35. Kd3 Kb6 36. Kc2 Be7 37. N5a4+ Ka5 38. Kb3 Bg5 39. Nc5 Be3
40. Kc2 Bg5 41. Kb3 b6 42. Nd3 Be3 43. Nb4 Bb7 44. Nc2 Bg1 45. h3 Ba6 46. Nd1
Bc4+ 47. Kc3 Be2 48. Nb2 Bf1 49. Ne1 Bf2 50. Nbd3 Bh4 51. Kb3 Bg3 52. Kc3 Ka4
53. Kb2 Bh4 54. Ka2 Bg5 55. Nb2+ Kb5 56. Kb3 Be3 57. Kc3 Bc1 58. a4+ Ka5 59.
Nbd3 Be3 60. Nb2 Bf2 61. Nbd3 Bxe1+ 0-1

[Event "IHEM 2009"]
[Site "Hamburg"]
[Date "2009.05.31"]
[Round "2.8"]
[White "Siebrecht, Sebastian"]
[Black "Maahs, Erich"]
[Result "0-1"]
[WhiteElo "2433"]
[BlackElo "2168"]
[PlyCount "74"]
[EventDate "2009.??.??"]
[EventRounds "9"]
[EventCountry "GER"]
[WhiteTeam "Sportfreunde Katernberg 1913 e.V"]
[BlackTeam "SC Concordia SAbt Palamedes"]

1. d4 d5 2. Nf3 Bf5 3. e3 e6 4. c4 c6 5. Nc3 Nf6 6. Nh4 Bg6 7. Nxg6 hxg6 8. Bd2
Bd6 9. g3 Nbd7 10. c5 Bc7 11. f4 g5 12. Bd3 gxf4 13. exf4 g6 14. Qe2 Qe7 15.
O-O Kf8 16. b4 a6 17. a4 Re8 18. b5 axb5 19. axb5 Bb8 20. bxc6 bxc6 21. Ra6 Rc8
22. Kg2 Qe8 23. Bc2 Kg7 24. Ba4 Nf8 25. Rb1 Nh5 26. Rbb6 Qd8 27. Bxc6 Qf6 28.
Bb7 Rd8 29. Nxd5 Qf5 30. Ne7 Qh3+ 31. Kg1 Nxg3 32. hxg3 Qxg3+ 33. Qg2 Qd3 34.
Qf2 Rxd4 35. Nc6 Rxf4 36. Qg2 Rf3 37. Nxb8 Qd4+ 0-1

[Event "IHEM 2009"]
[Site "Hamburg"]
[Date "2009.05.31"]
[Round "2.9"]
[White "Souleidis, Georgios"]
[Black "Weiss, Siegfried"]
[Result "1-0"]
[WhiteElo "2427"]
[BlackElo "2038"]
[PlyCount "77"]
[EventDate "2009.??.??"]
[EventRounds "9"]
[EventCountry "GER"]
[WhiteTeam "Sportfreunde Katernberg 1913 e.V"]
[BlackTeam "Königsspringer SC.1984 e.V."]

1. e4 e6 2. d4 d5 3. Nc3 Bb4 4. e5 c5 5. a3 Bxc3+ 6. bxc3 Qa5 7. Bd2 Qa4 8. Qb1
c4 9. Nh3 Nc6 10. Nf4 g6 11. h4 Nge7 12. h5 Bd7 13. Nh3 O-O-O 14. Bg5 h6 15.
Bf6 Rhg8 16. hxg6 fxg6 17. Nf4 Qa5 18. Qb2 g5 19. Nh5 Rg6 20. Rb1 b6 21. Be2
Rf8 22. O-O Nf5 23. g4 Nh4 24. f4 Rf7 25. Rf2 Rg8 26. Kh2 Kb7 27. Rbf1 a6 28.
Kh3 Be8 29. fxg5 hxg5 30. Bxg5 Rxf2 31. Rxf2 Rxg5 32. Kxh4 Rg8 33. Nf4 Bd7 34.
Kg3 b5 35. Rh2 Rg7 36. Bf3 Nxd4 37. cxd4 Qe1+ 38. Rf2 Rf7 39. c3 1-0

[Event "IHEM 2009"]
[Site "Hamburg"]
[Date "2009.05.31"]
[Round "2.10"]
[White "Hebbinghaus, Holger"]
[Black "Jacoby, Gisbert"]
[Result "1/2-1/2"]
[WhiteElo "2298"]
[BlackElo "2196"]
[PlyCount "20"]
[EventDate "2009.??.??"]
[EventRounds "9"]
[EventCountry "GER"]
[WhiteTeam "SK Marmstorf GW Harburg"]
[BlackTeam "Königsspringer SC.1984 e.V."]

1. d4 d5 2. c4 e6 3. cxd5 exd5 4. Nc3 c6 5. Nf3 Bf5 6. Bg5 Be7 7. Bxe7 Nxe7 8.
e3 Nd7 9. Bd3 O-O 10. O-O Bxd3 1/2-1/2

[Event "IHEM 2009"]
[Site "Hamburg"]
[Date "2009.05.31"]
[Round "2.11"]
[White "Putzbach, Gerd"]
[Black "Hawranke, Dietrich"]
[Result "1-0"]
[WhiteElo "2286"]
[BlackElo "2176"]
[PlyCount "65"]
[EventDate "2009.??.??"]
[EventRounds "9"]
[EventCountry "GER"]
[WhiteTeam "Niendorfer TSV 1919 SAbt"]
[BlackTeam "Pinneberger SC 1932 eV"]

1. e4 c5 2. Nf3 g6 3. c4 Bg7 4. d4 cxd4 5. Nxd4 Nc6 6. Be3 Nf6 7. Nc3 d6 8. Be2
O-O 9. h3 Nxd4 10. Bxd4 Be6 11. O-O Rc8 12. b3 a6 13. Rc1 Qa5 14. Qd3 Nd7 15.
Bxg7 Kxg7 16. f4 f6 17. Rc2 Rfe8 18. Kh2 Qc5 19. Bf3 Nb8 20. Nd5 Nc6 21. Rd2 b5
22. cxb5 Bxd5 23. exd5 Nb4 24. Qe4 axb5 25. Re1 Ra8 26. Ree2 Na6 27. Rc2 Qb4
28. Qxb4 Nxb4 29. Rc7 Kf7 30. Rb7 Nxa2 31. Rc2 Nb4 32. Rcc7 Na6 33. Rc6 {Zeit}
1-0

[Event "IHEM 2009"]
[Site "Hamburg"]
[Date "2009.05.31"]
[Round "2.12"]
[White "Kull, Florian"]
[Black "Lindinger, Markus"]
[Result "0-1"]
[WhiteElo "2167"]
[BlackElo "2283"]
[PlyCount "64"]
[EventDate "2009.??.??"]
[EventRounds "9"]
[EventCountry "GER"]
[WhiteTeam "SF Hamburg eV 1934"]
[BlackTeam "Hamburger SK von 1830 eV"]

1. c4 e5 2. Nc3 d6 3. Nf3 g6 4. g3 Bg7 5. Bg2 Nc6 6. O-O f5 7. d3 Nf6 8. Rb1 a5
9. a3 O-O 10. b4 axb4 11. axb4 h6 12. b5 Ne7 13. Qb3 Be6 14. Nd2 d5 15. cxd5
Nfxd5 16. Nxd5 Nxd5 17. Nc4 e4 18. Ba3 Rf7 19. dxe4 Nb6 20. Nxb6 Bxb3 21. Nxa8
Ba2 22. Ra1 Bxa1 23. Rxa1 Qxa8 24. Rxa2 Rd7 25. h4 Rd1+ 26. Kh2 Qa4 27. exf5
Qb3 28. Rb2 Qxa3 29. Rc2 Rc1 30. Rd2 Qc5 31. fxg6 Qxf2 32. h5 Rh1+ 0-1

[Event "IHEM 2009"]
[Site "Hamburg"]
[Date "2009.05.31"]
[Round "2.14"]
[White "Dalakian, Haroutioun"]
[Black "Bach, Matthias"]
[Result "0-1"]
[WhiteElo "2130"]
[BlackElo "2276"]
[PlyCount "62"]
[EventDate "2009.??.??"]
[EventRounds "9"]
[EventCountry "GER"]
[WhiteTeam "Hamburger SK von 1830 eV"]
[BlackTeam "Hamburger SK von 1830 eV"]

1. Nf3 d5 2. d4 e6 3. c4 c5 4. cxd5 exd5 5. Nc3 Nc6 6. g3 Nf6 7. Bg2 Be7 8. O-O
O-O 9. Bg5 c4 10. Ne5 Be6 11. b3 Qa5 12. Qd2 Rad8 13. bxc4 Nxd4 14. Nxd5 Qxd2
15. Nxe7+ Kh8 16. Bxd2 Nxe2+ 17. Kh1 Rxd2 18. Bxb7 Re8 19. N7c6 Bh3 20. Nxf7+
Kg8 21. Ng5 Bxf1 22. Rxf1 Rxa2 23. Nf3 a5 24. Nce5 a4 25. c5 Nc3 26. Ba6 Kf8
27. Bc4 Rb2 28. Bd3 Nce4 29. Kg2 Nxc5 30. Ra1 Ra8 31. Nc4 Nxd3 0-1

[Event "IHEM 2009"]
[Site "Hamburg"]
[Date "2009.05.31"]
[Round "2.16"]
[White "Mueller, Joerg"]
[Black "Strobel, Holger"]
[Result "1-0"]
[WhiteElo "2098"]
[BlackElo "2255"]
[PlyCount "57"]
[EventDate "2009.??.??"]
[EventRounds "9"]
[EventCountry "GER"]
[WhiteTeam "SV Eidelstedt"]
[BlackTeam "SK Union Eimsbüttel eV"]

1. e4 d6 2. d4 Nf6 3. Nc3 g6 4. f3 Bg7 5. Be3 O-O 6. Qd2 c6 7. O-O-O Qa5 8. Kb1
e5 9. dxe5 dxe5 10. Bc4 Nbd7 11. g4 b5 12. Bb3 Nb6 13. h4 Nc4 14. Bxc4 bxc4 15.
Nd5 Qxd2 16. Nxf6+ Bxf6 17. Bxd2 Rd8 18. Ne2 Be6 19. Bc3 Kf8 20. Kc1 Bg7 21. g5
f5 22. exf5 gxf5 23. Ng3 Rd5 24. Rde1 Re8 25. Re2 Bd7 26. Rhe1 c5 27. Nh5 Bh8
28. f4 exf4 29. Bxh8 1-0

[Event "IHEM 2009"]
[Site "Hamburg"]
[Date "2009.05.31"]
[Round "2.17"]
[White "Foerster, Andreas"]
[Black "Schulz, Hans Juergen"]
[Result "1/2-1/2"]
[WhiteElo "2214"]
[BlackElo "2013"]
[PlyCount "75"]
[EventDate "2009.??.??"]
[EventRounds "9"]
[EventCountry "GER"]
[WhiteTeam "SK Union Eimsbüttel eV"]
[BlackTeam "Hamburger SK von 1830 eV"]

1. d4 d5 2. c4 e6 3. Nc3 c5 4. cxd5 cxd4 5. Qa4+ Bd7 6. Qxd4 exd5 7. Qxd5 Nf6
8. Qd1 Nc6 9. e3 a6 10. Nf3 Qc7 11. Be2 Rd8 12. O-O Bf5 13. Bd2 Bd6 14. Rc1 O-O
15. Qa4 Bxh2+ 16. Nxh2 Rxd2 17. Rfd1 Rxb2 18. Qa3 Rc2 19. Rxc2 Bxc2 20. Rc1 Bg6
21. Na4 Ne4 22. Nf3 Rd8 23. Nd4 Rd6 24. Nc5 Nxd4 25. exd4 Rc6 26. Bf3 b6 27.
Bxe4 Bxe4 28. Re1 bxc5 29. Rxe4 f5 30. Re1 cxd4 31. Qb3+ Kf8 32. Qd5 g6 33.
Qxd4 Kg8 34. Qd5+ Kg7 35. Qd4+ Kg8 36. Qe3 Kg7 37. Qg5 Rf6 38. Qe3 1/2-1/2

[Event "IHEM 2009"]
[Site "Hamburg"]
[Date "2009.06.01"]
[Round "3.1"]
[White "Berg, Klaus"]
[Black "Fries Nielsen, Jens Ove"]
[Result "1/2-1/2"]
[WhiteElo "2440"]
[BlackElo "2403"]
[PlyCount "23"]
[EventDate "2009.??.??"]
[EventRounds "9"]
[EventCountry "GER"]

1. e4 c6 2. Nc3 d5 3. d4 dxe4 4. Nxe4 Bf5 5. Ng3 Bg6 6. h4 h6 7. Nf3 Nd7 8. Bd3
Bxd3 9. Qxd3 e6 10. Bd2 Ngf6 11. O-O-O Qc7 12. Ne4 1/2-1/2